La pequena locomotora que si pudo / (Record no. 19074)

MARC details
000 -LEADER
fixed length control field 01913nam a2200529 a 4500
001 - CONTROL NUMBER
control field sjds1104977
003 - CONTROL NUMBER IDENTIFIER
control field sjds
005 - DATE AND TIME OF LATEST TRANSACTION
control field 20220628215059.0
008 - FIXED-LENGTH DATA ELEMENTS--GENERAL INFORMATION
fixed length control field 000912t19921992nyua j 000 1 spa d
010 ## - LIBRARY OF CONGRESS CONTROL NUMBER
LC control number 90086180
020 ## - INTERNATIONAL STANDARD BOOK NUMBER
International Standard Book Number 0448410966
020 ## - INTERNATIONAL STANDARD BOOK NUMBER
International Standard Book Number 9780448410968
020 ## - INTERNATIONAL STANDARD BOOK NUMBER
International Standard Book Number 9780448451091 (Grosset pbk.)
020 ## - INTERNATIONAL STANDARD BOOK NUMBER
International Standard Book Number 0448451093 (Grosset pbk.)
035 ## - SYSTEM CONTROL NUMBER
System control number 127261
035 ## - SYSTEM CONTROL NUMBER
System control number (OCoLC)234448760
035 ## - SYSTEM CONTROL NUMBER
System control number 127261
040 ## - CATALOGING SOURCE
Original cataloging agency PWmBRO
Modifying agency UtOrBLW
Transcribing agency sjds
041 1# - LANGUAGE CODE
Language code of text/sound track or separate title spa
Language code of original eng
049 ## - LOCAL HOLDINGS (OCLC)
Holding library IFAA
099 ## - LOCAL FREE-TEXT CALL NUMBER (OCLC)
Classification number ESPANOL PICTURE BOOKS PIPER
100 1# - MAIN ENTRY--PERSONAL NAME
Personal name Piper, Watty,
Relator term author.
240 10 - UNIFORM TITLE
Uniform title <a href="Little engine that could.">Little engine that could.</a>
Language of a work Spanish
245 13 - TITLE STATEMENT
Title La pequena locomotora que si pudo /
Statement of responsibility, etc. recontada por Watty Piper ; ilustrada por George y Doris Hauman ; traduccion de Alma Flor Ada.
260 ## - PUBLICATION, DISTRIBUTION, ETC. (IMPRINT)
Place of publication, distribution, etc. New York :
Name of publisher, distributor, etc. Platt & Munk,
Date of publication, distribution, etc. c1992
264 #1 - PRODUCTION, PUBLICATION, DISTRIBUTION, MANUFACTURE, AND COPYRIGHT NOTICE
Place of production, publication, distribution, manufacture New York :
Name of producer, publisher, distributor, manufacturer Platt & Munk,
Date of production, publication, distribution, manufacture, or copyright notice [1992]
264 #4 - PRODUCTION, PUBLICATION, DISTRIBUTION, MANUFACTURE, AND COPYRIGHT NOTICE
Date of production, publication, distribution, manufacture, or copyright notice c1992
300 ## - PHYSICAL DESCRIPTION
Extent 1 volume (unpaged) :
Other physical details color illustrations ;
Dimensions 19 x 21 cm.
336 ## - CONTENT TYPE
Content type term text
Content type code txt
Source rdacontent
337 ## - MEDIA TYPE
Media type term unmediated
Media type code n
Source rdamedia
338 ## - CARRIER TYPE
Carrier type term volume
Carrier type code nc
Source rdacarrier
490 1# - SERIES STATEMENT
Series statement A Platt & Munk classic
500 ## - GENERAL NOTE
General note "Version original completa."
500 ## - GENERAL NOTE
General note "From the Pony engine by Mabel C. Bragg"--T.p. verso.
520 ## - SUMMARY, ETC.
Summary, etc. When the other engines refuse, the Pequeña Locomotora Azul tries to pull a stranded train full of toys and good food over the mountain.
526 0# - STUDY PROGRAM INFORMATION NOTE
Program name Accelerated Reader
Interest level LG
Reading level 3.5
Title point value 0.5
Public note 5477SP
650 #0 - SUBJECT ADDED ENTRY--TOPICAL TERM
Topical term or geographic name as entry element Railroad trains
Form subdivision Juvenile fiction.
650 #0 - SUBJECT ADDED ENTRY--TOPICAL TERM
Topical term or geographic name as entry element Toys
Form subdivision Juvenile fiction.
650 #7 - SUBJECT ADDED ENTRY--TOPICAL TERM
Topical term or geographic name as entry element Juguetes
Form subdivision Novela juvenil.
Source of heading or term bidex
650 #7 - SUBJECT ADDED ENTRY--TOPICAL TERM
Topical term or geographic name as entry element Ferrocarriles
General subdivision Trenes
Form subdivision Novela juvenil.
Source of heading or term bidex
700 1# - ADDED ENTRY--PERSONAL NAME
Personal name Hauman, George,
Relator term illustrator.
700 1# - ADDED ENTRY--PERSONAL NAME
Personal name Hauman, Doris,
Relator term illustrator.
700 1# - ADDED ENTRY--PERSONAL NAME
Personal name Ada, Alma Flor.
700 1# - ADDED ENTRY--PERSONAL NAME
Personal name Bragg, Mabel Caroline,
Dates associated with a name 1870-
Title of a work Pony engine.
830 #0 - SERIES ADDED ENTRY--UNIFORM TITLE
Uniform title Platt & Munk classic.
942 ## - ADDED ENTRY ELEMENTS (KOHA)
Koha item type Libro/Book
Holdings
Withdrawn status Lost status Damaged status Not for loan Home library Current library Date acquired Total Checkouts Barcode Date last seen Price effective from Koha item type Inventory number Checked out Date checked out Shelving location Full call number Total Renewals
        Barbudos -- Satellite Barbudos -- Satellite 24/03/2017   35800828 24/03/2017 24/03/2017 Libro/Book            
        San Juan Del Sur -- Mobile Collado 18/07/2022 1 33016239 05/09/2023 18/07/2022 Libro/Book   10/10/2023 05/09/2023   JC 1
        San Juan Del Sur -- Biblioteca San Juan Del Sur -- Biblioteca 19/08/2019 5 30009171 19/05/2022 19/08/2019 Libro/Book Checked out from 2022- Feb 2025 26/05/2022 19/05/2022      
        San Juan Del Sur -- Biblioteca San Juan Del Sur -- Biblioteca 08/02/2022 1 30028673 27/04/2022 08/02/2022 Libro/Book Inventory date: 15-5-25   27/04/2022 Children's Area JI Espanol  

Powered by Koha